00998nam a2200181 a 450000100100000000500170001000800410002704000250006810000340009324500570012726000490018430000210023304900090025495201920026395201740045595201700062999900170079900003359820200930070357.0110901s1907 dr 000 0 spa d aDO-SdBNPbspacBNPHU1 aAbreu Licairac, Rafael95464710aRecuerdos y notas de viaje /cRafael Abreu Licairac. aSanto Domingo :bImp. Flor del Ozama,c1907. a140 p. ;c21 cm. aBNPD 001054708RVaGRbGRcCTd2011-09-01iLF1l0o p33598-30r2020-06-25te. 3w2020-06-25y4zPerteneció a la biblioteca personal de Federico Henríquez y Carvajal.ZPréstamo en sala 001050718RVaPDbPDcCTd2011-09-01iLF1l0o p33598-10r2020-06-25w2020-06-25y1zPerteneció a la biblioteca personal de Carlos Larrazábal BlancoZNo se presta 001050718RVaPDbPDcCTd2011-09-01iLF1l0o p33598-20r2020-06-25te. 2w2020-06-25y1zPerteneció a la biblioteca personal de Martínez BoogZNo se presta c33089d33089